<?xml version='1.0' encoding='UTF-8'?><?xml-stylesheet href='static/style.xsl' type='text/xsl'?><OAI-PMH xmlns="http://www.openarchives.org/OAI/2.0/" xmlns:xsi="http://www.w3.org/2001/XMLSchema-instance" xsi:schemaLocation="http://www.openarchives.org/OAI/2.0/ http://www.openarchives.org/OAI/2.0/OAI-PMH.xsd"><responseDate>2026-05-14T02:47:51Z</responseDate><request verb="GetRecord" identifier="oai:ebiltegia.mondragon.edu:20.500.11984/4642" metadataPrefix="marc">https://ebiltegia.mondragon.edu/oai/request</request><GetRecord><record><header><identifier>oai:ebiltegia.mondragon.edu:20.500.11984/4642</identifier><datestamp>2024-01-04T21:56:59Z</datestamp><setSpec>com_20.500.11984_1736</setSpec><setSpec>com_20.500.11984_1627</setSpec><setSpec>col_20.500.11984_1972</setSpec></header><metadata><record xmlns="http://www.loc.gov/MARC21/slim" xmlns:dcterms="http://purl.org/dc/terms/" xmlns:xsi="http://www.w3.org/2001/XMLSchema-instance" xmlns:doc="http://www.lyncode.com/xoai" xsi:schemaLocation="http://www.loc.gov/MARC21/slim http://www.loc.gov/standards/marcxml/schema/MARC21slim.xsd">
   <leader>00925njm 22002777a 4500</leader>
   <datafield ind2=" " ind1=" " tag="042">
      <subfield code="a">dc</subfield>
   </datafield>
   <datafield ind2=" " ind1=" " tag="720">
      <subfield code="a">Mondragon Unibertsitatea</subfield>
      <subfield code="e">author</subfield>
   </datafield>
   <datafield ind2=" " ind1=" " tag="260">
      <subfield code="c">2016-04-25</subfield>
   </datafield>
   <datafield ind2=" " ind1=" " tag="520">
      <subfield code="a">Pasa den larunbatean, hilak 23, Humanitate eta Hezkuntza Zientzien Fakultateak ikasle ohien topaketa egin zuen Eskoriatza eta Aretxabaletako campusetan. MUkide ikasle ohien elkarteak antolatutako ekitaldira hurbildu ziren fakultatean ikasitako 26 ikasle ohi. Aurtengo ekitaldira deituta zeuden 2005-2006 ikasturtean ikasketak bukatutakoak eta 2000-2001, 2001-2002 eta 2002-2003 ikasturteetan egresatuak.</subfield>
   </datafield>
   <datafield ind2=" " ind1=" " tag="520">
      <subfield code="a">Pasa den larunbatean, hilak 23, Humanitate eta Hezkuntza Zientzien Fakultateak ikasle ohien topaketa egin zuen Eskoriatza eta Aretxabaletako campusetan. MUkide ikasle ohien elkarteak antolatutako ekitaldira hurbildu ziren fakultatean ikasitako 26 ikasle ohi. Aurtengo ekitaldira deituta zeuden 2005-2006 ikasturtean ikasketak bukatutakoak eta 2000-2001, 2001-2002 eta 2002-2003 ikasturteetan egresatuak.</subfield>
   </datafield>
   <datafield ind1="8" ind2=" " tag="024">
      <subfield code="a">https://www.flickr.com/photos/huhezi/albums/72157667560774855</subfield>
   </datafield>
   <datafield ind1="8" ind2=" " tag="024">
      <subfield code="a">http://embedr.flickr.com/assets/client-code.js</subfield>
   </datafield>
   <datafield ind1="8" ind2=" " tag="024">
      <subfield code="a">https://farm2.staticflickr.com/1559/26028772913_a6fcd1d2f6_b.jpg</subfield>
   </datafield>
   <datafield ind1="8" ind2=" " tag="024">
      <subfield code="a">https://hdl.handle.net/20.500.11984/4642</subfield>
   </datafield>
   <datafield tag="653" ind2=" " ind1=" ">
      <subfield code="a">Humanitate eta Hezkuntza Zientzien Fakultatea</subfield>
   </datafield>
   <datafield ind2="0" ind1="0" tag="245">
      <subfield code="a">Giro ezin hobean egin zen fakultateko ikasle ohien topaketa pasa den larunbatean</subfield>
   </datafield>
   <datafield ind2="0" ind1="0" tag="245">
      <subfield code="a">Inmejorable ambiente en el encuentro de exalumnos y exalumnas de la facultad celebrado el pasado sábado</subfield>
   </datafield>
</record></metadata></record></GetRecord></OAI-PMH>